| 000 | 00941nam a2200157Ia 4500 | ||
|---|---|---|---|
| 005 | 20260209120126.0 | ||
| 008 | 260209s9999||||xx |||||||||||||| ||und|| | ||
| 100 | _aDaniel Mathew | ||
| 245 | 0 | _aNon state actors in human rights paradigm : question of accountability | |
| 260 |
_aBangaloreBangalore _bNLSIU _c2009 |
||
| 300 | _a105 p. ; 25 cm. | ||
| 505 | _aTABLE OF CONTENTS Abbreviations; Table of Cases; Chapter I. Introduction; Chapter II. Non-state Actors; Chapter III. Armed Groups in Human Rights Paradigm; - Existing Obligations; Chapter IV. Armed Groups in Human Rights Paradigm; - Accountability of Armed Groups; Chapter V. Case study: Human Rights Accountability of Non-State Actors and the Constitution of India; Chapter VI. Conclusion; Bibliography. | ||
| 650 | _aHuman Rights Paradigm | ||
| 700 | _aProf. (Dr.) V Vijayakumar - GuideProf. (Dr.) V Vijayakumar - Guide | ||
| 856 | _uhttps://dans.nls.ac.in/handle/123456789/1445 | ||
| 999 |
_c216873 _d216873 |
||